Landscape and urban design for health and well-being : (Record no. 608019)
[ view plain ]
| 000 -LEADER | |
|---|---|
| fixed length control field | 02185cam a2200349 i 4500 |
| 001 - CONTROL NUMBER | |
| control field | 17993362 |
| 003 - CONTROL NUMBER IDENTIFIER | |
| control field | OSt |
| 005 - DATE AND TIME OF LATEST TRANSACTION | |
| control field | 20240222124437.0 |
| 008 - FIXED-LENGTH DATA ELEMENTS--GENERAL INFORMATION | |
| fixed length control field | 140110s2015 enk b 001 0 eng |
| 010 ## - LIBRARY OF CONGRESS CONTROL NUMBER | |
| LC control number | 2014000647 |
| 020 ## - INTERNATIONAL STANDARD BOOK NUMBER | |
| International Standard Book Number | 9780415843515 (hb : alk. paper) |
| 020 ## - INTERNATIONAL STANDARD BOOK NUMBER | |
| International Standard Book Number | 9780415843522 (pb : alk. paper) |
| 040 ## - CATALOGING SOURCE | |
| Original cataloging agency | DLC |
| Language of cataloging | eng |
| Transcribing agency | DLC |
| Description conventions | rda |
| Modifying agency | DLC |
| 042 ## - AUTHENTICATION CODE | |
| Authentication code | pcc |
| 050 00 - LIBRARY OF CONGRESS CALL NUMBER | |
| Classification number | SB454.3.P45 |
| Item number | S68 2015 |
| 082 00 - DEWEY DECIMAL CLASSIFICATION NUMBER | |
| Classification number | 615.8515 |
| Edition number | 23 |
| Author Mark | SOU |
| 100 1# - MAIN ENTRY--PERSONAL NAME | |
| Personal name | Souter-Brown, Gayle. |
| 9 (RLIN) | 121080 |
| 245 10 - TITLE STATEMENT | |
| Title | Landscape and urban design for health and well-being : |
| Remainder of title | using healing, sensory, therapeutic gardens / |
| Statement of responsibility, etc. | Gayle Souter-Brown. |
| 260 ## - PUBLICATION, DISTRIBUTION, ETC. | |
| Place of publication, distribution, etc. | London: |
| Name of publisher, distributor, etc. | Routledge; |
| Date of publication, distribution, etc. | 2015. |
| 300 ## - PHYSICAL DESCRIPTION | |
| Extent | xix, 318 pages ; |
| Dimensions | 25 cm |
| 504 ## - BIBLIOGRAPHY, ETC. NOTE | |
| Bibliography, etc. note | Includes bibliographical references and index. |
| 505 0# - FORMATTED CONTENTS NOTE | |
| Formatted contents note | The origins and evolution of healing gardens -- The history : what were gardens for? -- Why do we need gardens for health and well-being today? -- Urban space degradation -- Sustainable communities are healthy communities -- Who will benefit from healing gardens? -- Healing gardens for children -- Healing gardens for adults -- Healing gardens and cityscapes for disabled children and adults -- Healing gardens for stressed executives -- Cost benefits of greening the urban environment through healing gardens -- Designing healing gardens using an inclusive, salutogenic approach -- The salutogenic design process -- Salutogenic design guidelines : simple is best -- Inclusive design : key design elements -- Additional resources -- Funding sources for public sensory, therapeutic and healing gardens -- How and where to develop community green space. |
| 650 #0 - SUBJECT ADDED ENTRY--TOPICAL TERM | |
| Topical term or geographic name entry element | Gardens |
| General subdivision | Philosophy. |
| 9 (RLIN) | 121081 |
| 650 #0 - SUBJECT ADDED ENTRY--TOPICAL TERM | |
| Topical term or geographic name entry element | Gardening |
| General subdivision | Therapeutic use. |
| 9 (RLIN) | 121082 |
| 650 #0 - SUBJECT ADDED ENTRY--TOPICAL TERM | |
| Topical term or geographic name entry element | Landscapes |
| General subdivision | Psychological aspects. |
| 9 (RLIN) | 121083 |
| 650 #0 - SUBJECT ADDED ENTRY--TOPICAL TERM | |
| Topical term or geographic name entry element | Nature |
| General subdivision | Psychological aspects. |
| 9 (RLIN) | 121084 |
| 650 #0 - SUBJECT ADDED ENTRY--TOPICAL TERM | |
| Topical term or geographic name entry element | Landscape design. |
| 9 (RLIN) | 32377 |
| 906 ## - LOCAL DATA ELEMENT F, LDF (RLIN) | |
| a | 7 |
| b | cbc |
| c | orignew |
| d | 1 |
| e | ecip |
| f | 20 |
| g | y-gencatlg |
| 942 ## - ADDED ENTRY ELEMENTS (KOHA) | |
| Source of classification or shelving scheme | |
| Koha item type | Reference |
| Withdrawn status | Lost status | Source of classification or shelving scheme | Damaged status | Not for loan | Permanent Location | Current Location | Date acquired | Source of acquisition | Total Checkouts | Full call number | Barcode | Date last seen | Date last checked out | Cost, replacement price | Price effective from | Koha item type |
|---|---|---|---|---|---|---|---|---|---|---|---|---|---|---|---|---|
| School of Art Design and Architecture (SADA) | School of Art Design and Architecture (SADA) | 03/13/2017 | Donation | 1 | 615.8515 SOU 2015 | SADAD0000142 | 09/12/2024 | 09/12/2024 | 4027.63 | 02/22/2024 | Book |
